000 00487ntaaa2200181 4500
003 01
005 20251027202750.0
008 0714s1973 ag 01
040 _aAR-BaBN
_bspa
_cAR-BaBN
_eaacr
_dRIC
082 _a796.5400 C15
245 _aCampamentos
250 _a1 ed.
260 _as.l. :
_bConsejo Metodista de Educación Cristiana,
_cc1954
300 _afolleto
500 _aUn manual para los dirigentes por varios autores
650 _acampamentos-folleto
_927767
942 _cBK
999 _c22934
_d22934